UBT Library

BUSINESS AS ETHICAL AND BUSINESS AS USUAL (Record no. 60450)

000 -LEADER
fixed length control field 00333nam a22001457a 4500
008 - FIXED-LENGTH DATA ELEMENTS--GENERAL INFORMATION
fixed length control field 231013b ||||| |||| 00| 0 eng d
020 ## - INTERNATIONAL STANDARD BOOK NUMBER
International Standard Book Number 9780867209716
041 ## - LANGUAGE CODE
Language code of text/sound track or separate title eng
080 ## - UNIVERSAL DECIMAL CLASSIFICATION NUMBER
Universal Decimal Classification number 33
082 ## - DEWEY DECIMAL CLASSIFICATION NUMBER
Classification number 33HAR
100 ## - Rafti
Rafti 23
101 ## - Shkurtesa
Shkurtesa MBE
245 ## - TITLE STATEMENT
Title BUSINESS AS ETHICAL AND BUSINESS AS USUAL
Statement of responsibility, etc HARWOOD .S
942 ## - ADDED ENTRY ELEMENTS (KOHA)
Source of classification or shelving scheme
Item type Books
Holdings
Withdrawn status Lost status Source of classification or shelving scheme Damaged status Not for loan Collection code Permanent location Current location Date acquired Total Checkouts Full call number Barcode Date last seen Price effective from Koha item type
          Koleksioni i përgjithshem UBT - Lipjan UBT - Lipjan 10/13/2023   33HAR 002-800070426 10/13/2023 10/13/2023 Books
UBT Library © 2015-2024. All rights reserved University Education for Business and Technology